Statystyki dla Wszystkie piosenki - Alberto

Kliknij tutaj aby rozwiązać quiz!

Ogólne statystyki

  • Ten quiz został rozwiązany 120 razy
    (15 od ostatniego zresetowania)
  • Średni wynik to 12 z 25

Statystyki odpowiedzi

HintOdpowiedź% Poprawnych
Miejska DżunglaDwutakt
100%
SMAK WAKACJILa Manga (feat. Josef Bratan)
100%
Miejska DżunglaSTRZAŁ
87%
Miejska DżunglaZ BRATEM ZARABIAM PAPIER (feat. Josef Bratan)
73%
SMAK WAKACJIPANAMA (feat. Josef Bratan)
67%
Rebelianci (z Josef Bratan)Rebelianci
60%
Rebelianci (z Josef Bratan)Złomek
60%
SMAK WAKACJISZKOŁA (feat. Josef Bratan)
53%
SMAK WAKACJICudowna
47%
Miejska DżunglaSerce Lwa
47%
Miejska DżunglaKokaPaniePenga (feat. Josef Bratan & 730 Huncho)
40%
Miejska DżunglaMały Gnój
40%
SMAK WAKACJINIAGARA (feat. Paweł Tyburski)
40%
Rebelianci (z Josef Bratan)Piraci
40%
Miejska DżunglaPółnoc (feat. P3)
40%
Miejska DżunglaWÓZ ALBO PRZEWÓZ
33%
SMAK WAKACJIDREAMS
27%
SMAK WAKACJIHope
27%
SMAK WAKACJIKosz
27%
Rebelianci (z Josef Bratan)New Era (feat. bango balenci)
27%
Rebelianci (z Josef Bratan)Odciski palców (feat. Malik Montana)
27%
Rebelianci (z Josef Bratan)Sao Paulo
27%
Rebelianci (z Josef Bratan)Zieleń i Jazz (feat. Alijandro & Kenny)
27%
Rebelianci (z Josef Bratan)Kombinator
20%
SMAK WAKACJIZŁAMANE SERCE
20%

Rozkład punktacji

Percentyl według liczby udzielonych odpowiedzi

Procent ludzi z każdym wynikiem

Twoja historia wyników

Nie rozwiązałeś tego quizu od ostatniego zresetowania